000 00251nam a22001097a 4500
003 OSt
008 250104b |||||||| |||| 00| 0 eng d
041 _aeng
100 _aIyyengar / Shahane Alexander
_96737
245 _aText Book of Bridges
942 _cBK
999 _c18907
_d18907